000 01318nam a2200337 i 4500
001 bg
003 BPK
005 20200428143121.0
008 030422s2003 pl a f |001 0 pol
015 _aPB 2003/7293
020 _a8320428238
040 _aWA N
_cBPK
041 0 _apol
080 _a51(075.8)
100 1 _aLeksiński, Wacław
_d(1932- ).
_eAutor
245 1 0 _aMatematyka :
_bdefinicje, twierdzenia, przykłady, zadania /
_cWacław Leksiński, Ireneusz Nabiałek, Wojciech Żakowski.
250 _aWyd. 8.
260 _aWarszawa :
_bWydawnictwa Naukowo-Techniczne,
_c2003.
300 _a494 s. :
_bil. ;
_c24 cm.
490 1 _aPodręczniki Akademickie. Elektronika, Informatyka, Telekomunikacja.
504 _aIndeks.
521 8 _aDla studentów kierunków elektronika, informatyka i telekomunikacja wyższych szkół technicznych.
650 4 _aMatematyka
_xszkoły wyższe.
655 4 _aPodręczniki akademickie
700 1 _aNabiałek, Ireneusz
_d(1934- ).
710 2 _aWydawnictwa Naukowo-Techniczne
_4pbl.
700 1 _aŻakowski, Wojciech
_d(1929-1993)
_eAutor
856 _uhttp://koha.tu.koszalin.pl/cgi-bin/koha/opac-detail.pl?biblionumber=52820
_yKatalog online BPK
830 0 _aPodręczniki Akademickie
_pEIT
942 _2UKD
_cKS
999 _c52820
_d52820